Cẩm nang về giải quyết tranh chấp Theo công ước liên hợp quốc về luật biển năm 1982
Sparad:
| Övriga upphovsmän: | |
|---|---|
| Språk: | Undetermined |
| Publicerad: |
Hà Nội
Hồng Đức
2017
|
| Ämnen: | |
| Taggar: |
Lägg till en tagg
Inga taggar, Lägg till första taggen!
|
| Thư viện lưu trữ: | Trung tâm Học liệu Trường Đại học Trà Vinh |
|---|
| LEADER | 00714nam a2200229Ia 4500 | ||
|---|---|---|---|
| 001 | TVU_28921 | ||
| 008 | 210423s9999 xx 000 0 und d | ||
| 041 | |a Vie | ||
| 082 | |a 347.59709 | ||
| 082 | |b Ph557 | ||
| 245 | 0 | |a Cẩm nang về giải quyết tranh chấp | |
| 245 | 0 | |b Theo công ước liên hợp quốc về luật biển năm 1982 | |
| 245 | 0 | |c Ngô Hữu Phước (chủ biên) ... [và những người khác] | |
| 260 | |a Hà Nội | ||
| 260 | |b Hồng Đức | ||
| 260 | |c 2017 | ||
| 300 | |a 190 tr. | ||
| 300 | |c 21 cm | ||
| 650 | |a Giải quyết tranh chấp (Luật pháp) | ||
| 700 | |a Ngô Hữu Phước | ||
| 700 | |e chủ biên | ||
| 980 | |a Trung tâm Học liệu Trường Đại học Trà Vinh | ||